header

EMDR and the art of psychotherapy with children (Record no. 24759)

MARC details
000 -LEADER
fixed length control field 01338nam a22003494a 4500
082 04 - DEWEY DECIMAL CLASSIFICATION NUMBER
Classification number 618.92/8914
100 1# - MAIN ENTRY--AUTHOR NAME
Personal name Adler-Tapia, Robbie.
245 10 - TITLE STATEMENT
Title EMDR and the art of psychotherapy with children
260 ## - PUBLICATION, DISTRIBUTION, ETC. (IMPRINT)
Place of publication New York :
Name of publisher Springer Pub. Co.,
Year of publication c2008.
300 ## - PHYSICAL DESCRIPTION
Number of Pages xxv, 382 p. :
Other physical details ill.
650 #0 - SUBJECT ADDED ENTRY--TOPICAL TERM
Topical Term Eye movement desensitization and reprocessing for children.
700 1# - ADDED ENTRY--PERSONAL NAME
Personal name Settle, Carolyn.
856 40 - ELECTRONIC LOCATION AND ACCESS
Uniform Resource Identifier http://site.ebrary.com/lib/rucke/Doc?id=10265385

No items available.

© 2026 Rongo University
Contact us: librarian | system librarian | Rongo university